[Event "Bucharest ENE"]
[Site "Bucharest"]
[Date "1993.??.??"]
[Round "7"]
[White "Itkis, Boris"]
[Black "Komliakov, Viktor"]
[Result "1/2-1/2"]
[WhiteElo "2430"]
[BlackElo "2440"]

1.d4 d5 2.c4 c6 3.Nf3 Nf6 4.Nc3 a6 5.e3 b5 6.b3 Bg4 7.Be2 Nbd7 8.O-O e6 9.h3 Bh5
10.Bb2 Qb8  1/2-1/2

[Event "Bucharest ENE"]
[Site "Bucharest"]
[Date "1993.??.??"]
[Round "11"]
[White "Itkis, Boris"]
[Black "Schwartzman, Gabriel"]
[Result "1/2-1/2"]
[WhiteElo "2430"]
[BlackElo "2480"]

1.d4 d5 2.c4 c6 3.Nf3 Nf6 4.Nc3 a6 5.cxd5 cxd5 6.Bf4 Nc6 7.e3 Bg4 8.Be2 e6
9.O-O Be7 10.Ne5 Bxe2 11.Nxc6 Bxd1 12.Nxd8  1/2-1/2

[Event "Budapest FS09 IM-A"]
[Site "Budapest"]
[Date "1993.??.??"]
[Round "?"]
[White "Kahn, Evarth"]
[Black "Lehmann, Karl Heinz"]
[Result "1-0"]
[WhiteElo "2390"]
[BlackElo "2295"]

1.d4 d5 2.c4 c6 3.Nf3 Nf6 4.Nc3 a6 5.c5 g6 6.Bf4 Bg7 7.e3 Nbd7 8.h3 Ne4 9.Nxe4 dxe4
10.Ng5 Nf6 11.Be5 O-O 12.Bc4 Nh5 13.Bxg7 Kxg7 14.Nxe4 f5 15.Nc3 f4 16.e4 e5
17.dxe5 Qg5 18.Qd6 Rd8 19.h4 Qxg2 20.Qxd8 Qxh1+ 21.Kd2 Qf3 22.Qe7+ Kh6 23.Bg8 Qxf2+
24.Ne2 Qe3+ 25.Ke1 Nf6 26.exf6  1-0

[Event "Budapest FS11 IM-A"]
[Site "Budapest"]
[Date "1993.??.??"]
[Round "4"]
[White "Kecskes, Gabor"]
[Black "Szalanczy, Emil"]
[Result "0-1"]
[WhiteElo "2220"]
[BlackElo "2360"]

1.d4 d5 2.c4 c6 3.Nf3 Nf6 4.Nc3 a6 5.e3 b5 6.b3 Bg4 7.Qc2 Bxf3 8.gxf3 Nbd7
9.f4 e6 10.Bd3 g6 11.c5 Bg7 12.Bd2 Ng4 13.h4 f5 14.h5 Kf7 15.f3 Ngf6 16.hxg6+ hxg6
17.O-O-O Nh5 18.Ne2 Rh6 19.Rdg1 Rb8 20.Be1 Qe7 21.Bh4 Bf6 22.Bxf6 Qxf6 23.Rh3 Rbh8
24.Rgh1 g5 25.Qc3 Nxf4 26.Nxf4 gxf4 27.Rxh6 Rxh6 28.Rg1 Qh4 29.Qa5 Qf2 30.Re1 Rh2
31.Re2 Qf1+ 32.Kb2 Rxe2+ 33.Bxe2 Qxe2+ 34.Ka3 b4+ 35.Qxb4 Qb5  0-1

[Event "Budapest FS07 GM"]
[Site "Budapest"]
[Date "1993.??.??"]
[Round "7"]
[White "Lukacs, Peter"]
[Black "Velicka, Petr"]
[Result "1/2-1/2"]
[WhiteElo "2485"]
[BlackElo "2420"]

1.d4 d5 2.c4 c6 3.Nf3 Nf6 4.Nc3 a6 5.e3 b5 6.cxd5 cxd5 7.Bd3 e6 8.Bd2 Bd6
9.O-O Nbd7 10.Ne2 Ne4 11.a4 b4 12.a5 O-O 13.Nc1 Qe7 14.Nb3 Bb7 15.Qe2 f5
16.Rac1 g5 17.g3 g4 18.Nh4 Rf6 19.f4 gxf3 20.Rxf3 Rh6 21.Be1 Kh8 22.Kh1 Qg5
23.Rc2 Rg8 24.Qf1 Ndf6 25.Rf4 Nh5 26.Rg2 Nxf4 27.exf4 Qg4 28.Nf3 Qh3 29.Bxa6 Bxa6
30.Qxa6 Bxf4 31.Nbd2 Nxg3+ 32.Bxg3 Bxg3 33.Qe2 Rhg6 34.a6 Bb8 35.Rxg6 Rxg6
36.Ne5 Rg7 37.Nc6 Ba7 38.Nxa7 Rxa7 39.Qe5+ Rg7 40.Qb8+ Rg8 41.Qxg8+ Kxg8
42.a7 Qe3 43.a8=Q+ Kg7 44.Qb7+ Kg6 45.Qxb4 Qe1+ 46.Kg2 Qe2+  1/2-1/2

[Event "Budapest FS07 GM"]
[Site "Budapest"]
[Date "1993.??.??"]
[Round "9"]
[White "Davies, Nigel R"]
[Black "Velicka, Petr"]
[Result "1-0"]
[WhiteElo "2505"]
[BlackElo "2420"]

1.d4 d5 2.Nf3 Nf6 3.c4 c6 4.Nc3 a6 5.Ne5 Nbd7 6.g3 Nxe5 7.dxe5 Ne4 8.Nxe4 dxe4
9.Qxd8+ Kxd8 10.Bf4 Bf5 11.O-O-O+ Ke8 12.Bg2 e6 13.Be3 Be7 14.Bb6 Bg5+ 15.e3 Bd8
16.Bxd8 Rxd8 17.Rxd8+ Kxd8 18.c5 Kc7 19.Rd1 Rd8 20.Rxd8 Kxd8 21.Kd2 Kc7 22.Kc3 Kd7
23.Kd4 Ke7 24.Bxe4 Bh3 25.Kc3 g6 26.Bd3 Bg4 27.h4 Bf3 28.Kb4 Kd7 29.Ka5 Kc7
30.a3 Bd1 31.Kb4 Bf3 32.Ka5 Bd1 33.Kb4 Bf3 34.Kc3 Kd7 35.Kd2 Ke7 36.Be2 Bd5
37.Kc3 Kd7 38.f3  1-0

[Event "CUB-ch"]
[Site "?"]
[Date "1993.??.??"]
[Round "7"]
[White "Hedman Senarega, Jose Antonio"]
[Black "Lugo, Blas"]
[Result "1-0"]
[WhiteElo "2320"]
[BlackElo "2400"]

1.d4 Nf6 2.Nf3 d5 3.c4 c6 4.Nc3 a6 5.e3 b5 6.b3 Bg4 7.Be2 e6 8.Ne5 Bxe2 9.Qxe2 Bb4
10.Bd2 bxc4 11.bxc4 c5 12.dxc5 d4 13.exd4 Qxd4 14.Nf3 Qxc5 15.O-O Nbd7 16.Rab1 Qa5
17.Rxb4 Qxb4 18.Nb5 Qa4 19.Nd6+ Ke7 20.Nxf7 Rhc8 21.N7e5 Nxe5 22.Nxe5 Kf8
23.Bg5 Qe8 24.Qf3 Kg8 25.Bxf6 gxf6 26.Qxf6 Rc7 27.Rd1 Qe7 28.Qh6 Rb8 29.h4 Qg7
30.Qxe6+ Kh8 31.f4 Rg8 32.Rd2 Rb7 33.Qf5 Re7 34.h5 Rf8 35.Qe4 Qg3 36.h6 Qh4
37.Rd6 Qg3 38.Ng6+ hxg6 39.Qxe7 Qxf4  1-0

[Event "CZE-chT"]
[Site "?"]
[Date "1993.??.??"]
[Round "?"]
[White "Sobek, Jaroslav"]
[Black "Fuksik, Jakub"]
[Result "1-0"]
[WhiteElo "2280"]
[BlackElo "2210"]

1.d4 d5 2.c4 c6 3.Nf3 Nf6 4.Nc3 a6 5.cxd5 cxd5 6.Bf4 Nc6 7.e3 Bg4 8.Be2 e6
9.O-O Be7 10.h3 Bxf3 11.Bxf3 O-O 12.Na4 Qa5 13.Qb3 Ra7 14.Rac1 Nd7 15.Rfd1 Rc8
16.e4 b5 17.Nc3 dxe4 18.Nxe4 Qd8 19.d5 exd5 20.Qxd5 Nb4 21.Rxc8 Qxc8 22.Qd4 Nc6
23.Nd6 Bxd6 24.Qxd6 Ncb8 25.Qe7 Rc7 26.Bxc7 Qxc7 27.Bd5 Qf4 28.g3  1-0

[Event "DEN-chT9394"]
[Site "DEN"]
[Date "1993.??.??"]
[Round "2"]
[White "Jaksland, Tim"]
[Black "Christiansen, Jens Jorgen"]
[Result "1-0"]
[WhiteElo "2245"]
[BlackElo "2270"]

1.d4 d5 2.Nf3 c6 3.c4 Nf6 4.Nc3 a6 5.e3 b5 6.cxb5 cxb5 7.Bd3 Bg4 8.Bd2 e6
9.a4 b4 10.Na2 a5 11.Bb5+ Nbd7 12.Rc1 Be7 13.Qc2 O-O 14.Bd3 Rc8 15.Qb1 Qb6
16.Ng5 h6 17.Bh7+ Kh8 18.Nxf7+ Rxf7 19.Rxc8+ Bf8 20.Bd3 e5 21.h3 Be6 22.Qc1 exd4
23.Rc6 Qb8 24.exd4 Qe8 25.O-O Ne4 26.f3 Nxd2 27.Qxd2 Bf5 28.Rcc1 Qe6 29.Rce1 Qg6
30.Bxf5 Qxf5 31.Nc1 Nf6 32.Nd3 Bd6 33.Ne5 Rc7 34.Re2 Nh5 35.g4 Qe6 36.gxh5 Qxh3  1-0

[Event "ESP-ch playoff"]
[Site "?"]
[Date "1993.??.??"]
[Round "4"]
[White "Garcia Ilundain, David"]
[Black "Magem Badals, Jorge"]
[Result "1/2-1/2"]
[WhiteElo "2480"]
[BlackElo "2505"]

1.d4 d5 2.c4 c6 3.Nc3 Nf6 4.Nf3 a6 5.cxd5 cxd5 6.Bf4 Nc6 7.e3 Bg4 8.h3 Bxf3
9.Qxf3 e6 10.Bd3 Bd6 11.Bg5 h6 12.Bh4 Be7 13.O-O O-O 14.Rac1 Nd7 15.Bg3 Rc8
16.Rfd1 Nb6 17.Qe2 Bd6 18.Bxd6 Qxd6 19.Bb1 Rfd8 20.h4 Qe7 21.g3 f5 22.Kg2 Na5
23.Bd3  1/2-1/2

[Event "ESP-chT"]
[Site "?"]
[Date "1993.??.??"]
[Round "?"]
[White "Cramling, Pia"]
[Black "Morovic Fernandez, Ivan"]
[Result "1/2-1/2"]
[WhiteElo "2525"]
[BlackElo "2575"]

1.d4 d5 2.Nf3 Nf6 3.c4 c6 4.Nc3 a6 5.e3 b5 6.cxd5 cxd5 7.Ne5 e6 8.Bd3 Bb7
9.O-O Nbd7 10.f4 Be7  1/2-1/2

[Event "Forli op"]
[Site "Forli"]
[Date "1993.??.??"]
[Round "6"]
[White "Novikov, Igor A"]
[Black "Efimov, Igor"]
[Result "1-0"]
[WhiteElo "2545"]
[BlackElo "2490"]

1.d4 d5 2.c4 c6 3.Nf3 Nf6 4.Nc3 a6 5.Ne5 Ne4 6.Nxe4 dxe4 7.c5 Be6 8.e3 Bd5
9.f3 Nd7 10.fxe4 Bxe4 11.Nf3 e6 12.Be2 Be7 13.O-O O-O 14.Bd2 Bf6 15.Bc3 b6
16.b4 Re8 17.Nd2 Bg6 18.Nc4 bxc5 19.bxc5 e5 20.Nd6 Re7 21.Bc4 exd4 22.exd4 Nf8
23.Qd2 Ne6 24.Rae1 Nc7 25.Ba5 Qd7 26.Rxe7 Qxe7 27.Re1 Qd7 28.Bxc7 Qxc7 29.Re8+ Rxe8
30.Nxe8 Qb7 31.Nxf6+ gxf6 32.Bb3 Qb5 33.h3 a5 34.Qd1 Qb4 35.Ba4 Qb7 36.Qe1 Qd7
37.Qe3 Bf5 38.Qf4 Be6 39.Qxf6 Bd5 40.Qg5+ Kf8 41.Qh6+ Ke8 42.Qe3+ Kd8 43.Bb3 Bxb3
44.axb3 Qd5 45.Kf2 Kd7 46.g4 f6 47.Qd3 Kd8 48.Kg3 h6 49.Qe3 Kd7 50.Kh4 Qe6
51.Qxe6+ Kxe6 52.Kh5 Kd5 53.Kxh6 Kxd4 54.h4  1-0

[Event "Troll Masters"]
[Site "Gausdal"]
[Date "1993.??.??"]
[Round "3"]
[White "Pritchett, Craig William"]
[Black "Engqvist, Thomas"]
[Result "0-1"]
[WhiteElo "2360"]
[BlackElo "2420"]

1.Nf3 Nf6 2.c4 c6 3.d4 d5 4.Nc3 a6 5.c5 Nbd7 6.Bf4 Nh5 7.e3 g6 8.Bd3 Bg7
9.O-O O-O 10.h3 Nxf4 11.exf4 b6 12.cxb6 Qxb6 13.Na4 Qc7 14.f5 e5 15.fxe6 fxe6
16.Ng5 Qd6 17.Qg4 Nf6 18.Qh4 Rb8 19.a3 h6 20.Nf3 g5 21.Qg3 Qxg3 22.fxg3 Nd7
23.Rae1 Rxf3 24.gxf3 Bxd4+ 25.Kg2 Ne5 26.Be2 c5 27.f4 Nc4 28.Bxc4 dxc4 29.Kh2 Bd7
30.fxg5 hxg5 31.h4 Bxa4 32.Rxe6 Rxb2+ 33.Kh1 c3 34.Rxa6 c2 35.Rxa4 Rb1 36.Ra8+ Kg7
37.Rf8 c1=Q 38.Rf7+ Kg6 39.h5+ Kxh5 40.Rxc1 Rxc1+ 41.Kg2 Kg4  0-1

[Event "GER CupT"]
[Site "Germany"]
[Date "1993.??.??"]
[Round "?"]
[White "Bewersdorff, Oliver"]
[Black "Velicka, Petr"]
[Result "1/2-1/2"]
[WhiteElo "2310"]
[BlackElo "2425"]

1.d4 d5 2.Nf3 c6 3.c4 Nf6 4.Nc3 a6 5.e3 b5 6.b3 Bg4 7.Be2 e6 8.Ne5 Bxe2 9.Qxe2 Nbd7
10.Nxd7 Qxd7 11.O-O Bb4 12.Bb2 O-O 13.cxd5 cxd5 14.a4 Rfc8 15.Rfc1 Bxc3 16.Bxc3 Ne4
17.Qb2 h6 18.f3 Nxc3 19.Rxc3 Rxc3 20.Qxc3 Rc8 21.Qb4 Qc6 22.axb5 axb5 23.Rd1 Qc2
24.Rd2 Qb1+ 25.Kf2 Rc1 26.Qxb5 Rh1 27.Kg3 Qe1+ 28.Rf2 Qg1 29.h3 Qh2+ 30.Kg4 Rg1
31.Qe2 f5+ 32.Kh4 g5+ 33.Kh5 Kg7 34.Qb5 Rxg2 35.Qd7+ Kf6  1/2-1/2

[Event "Heraklio op"]
[Site "Heraklio"]
[Date "1993.??.??"]
[Round "5"]
[White "Klarenbeek, Hans"]
[Black "Skembris, Spyridon"]
[Result "1/2-1/2"]
[WhiteElo "2425"]
[BlackElo "2545"]

1.d4 d5 2.c4 c6 3.Nf3 Nf6 4.Nc3 a6 5.g3 b5 6.cxd5 cxd5 7.Bg2 e6 8.O-O Be7
9.Ne5 O-O 10.f4 Bb7 11.g4 b4 12.g5 bxc3 13.gxf6 gxf6 14.Nd3 cxb2 15.Bxb2 f5
16.Qb3 Ra7 17.Rf3 Nc6 18.Rh3 Na5 19.Qd1 f6 20.Kh1 Rf7 21.Bc3 Nc4 22.Rb1 Na3
23.Rb3 Bc6 24.Qc1 Nc4 25.Qb1 Rf8 26.Bf3 Bd6 27.Bb4 Rg7 28.Nc5 Bxc5 29.Bxc5 Nd2
30.Bxf8 Qxf8 31.Qd3 Nxb3 32.axb3 Qb4 33.Rg3 Bb5 34.Qc2 Rxg3 35.hxg3 Kf7 36.Qc7+ Qe7
37.Bh5+ Kf8 38.Qc8+ Kg7 39.Qc3 Kh6 40.Bf3 Be8 41.Qc8 Bb5 42.Kg2 Kg7 43.Bh5 Qd6
44.Qb7+ Qd7 45.Qxd7+ Bxd7 46.b4 Kf8 47.e3 Ke7 48.Kf2 Bb5  1/2-1/2

[Event "Heraklio op"]
[Site "Heraklio"]
[Date "1993.??.??"]
[Round "5"]
[White "Ulibin, Mikhail"]
[Black "Voiska, Margarita"]
[Result "0-1"]
[WhiteElo "2560"]
[BlackElo "2345"]

1.d4 d5 2.c4 c6 3.Nf3 Nf6 4.Nc3 a6 5.g3 b5 6.c5 g6 7.Bg2 Bg7 8.O-O O-O 9.Ne5 Be6
10.h3 Qc8 11.Kh2 Ne4 12.Nxe4 dxe4 13.Bxe4 Rd8 14.f4 Bxh3 15.Rh1 Bf5 16.Qd3 Bxe4
17.Qxe4 Qe6 18.g4 f6 19.f5 Qd5 20.Qxd5+ Rxd5 21.Nf3 gxf5 22.gxf5 Rxf5 23.Kg2 Rd5
24.e4 Rd8 25.Be3 e6 26.b4 a5 27.a4 axb4 28.axb5 Rxa1 29.Rxa1 cxb5 30.Ra5 f5
31.exf5 Nc6 32.Ra6 Nxd4 33.Bxd4 Bxd4 34.Nxd4 Rxd4 35.fxe6 Kf8 36.Rb6 Ke7
37.Kf3 Rc4 38.Rxb5 Kxe6 39.Ke3 Kd5  0-1

[Event "HUN-chT2"]
[Site "HUN"]
[Date "1993.??.??"]
[Round "?"]
[White "Sinkovics, Peter"]
[Black "Schrancz, Istvan"]
[Result "0-1"]
[WhiteElo "2330"]
[BlackElo "2255"]

1.d4 d5 2.c4 c6 3.Nf3 Nf6 4.Nc3 a6 5.e3 Bg4 6.Qb3 b5 7.cxd5 cxd5 8.Ne5 e6
9.h3 Bf5 10.g4 Bg6 11.h4 Nbd7 12.h5 Nxe5 13.dxe5 Be4 14.Nxe4 Nxe4 15.Bg2 Qg5
16.Bxe4 dxe4 17.Qc3 Rd8 18.Qc6+ Rd7 19.Qxe4 Rd5 20.a4 Qxe5 21.Qxe5 Rxe5 22.axb5 Bb4+  0-1

[Event "HUN-ch"]
[Site "HUN"]
[Date "1993.??.??"]
[Round "11"]
[White "Farago, Ivan"]
[Black "Tolnai, Tibor"]
[Result "1-0"]
[WhiteElo "2540"]
[BlackElo "2490"]

1.d4 d5 2.Nf3 Nf6 3.c4 c6 4.Nc3 a6 5.e3 b5 6.b3 Bg4 7.Be2 e6 8.O-O Nbd7 9.Bb2 Bb4
10.h3 Bh5 11.Rc1 O-O 12.Ne5 Bxe2 13.Nxe2 Nxe5 14.dxe5 Ne4 15.cxd5 cxd5 16.f3 Bd2
17.fxe4 Bxe3+ 18.Kh2 Bxc1 19.Qxc1 dxe4 20.Ba3 Re8 21.Qf4 Ra7 22.Bc5 Rd7 23.Ng3 e3
24.Bxe3  1-0

[Event "Jakarta Interzonal (Women)"]
[Site "Jakarta"]
[Date "1993.??.??"]
[Round "?"]
[White "Galliamova, Alisa"]
[Black "Botsari Miladinovic, Anna Maria"]
[Result "1-0"]
[WhiteElo "2435"]
[BlackElo "2245"]

1.d4 d5 2.c4 c6 3.Nc3 Nf6 4.Nf3 a6 5.e3 b5 6.b3 Bg4 7.Be2 Nbd7 8.O-O e6 9.Bb2 Be7
10.Qc2 Bf5 11.Bd3 Bxd3 12.Qxd3 O-O 13.a4 bxc4 14.bxc4 Rb8 15.Rfb1 Qa5 16.c5 e5
17.Qd2 Qc7 18.Qe2 a5 19.Bc1 Rfe8 20.Qa6 Rb4 21.Bd2 Reb8 22.Rxb4 Rxb4 23.Nb5 cxb5
24.Bxb4 axb4 25.axb5 exd4 26.Qc6 Qxc6 27.bxc6 Bxc5 28.Ra8+ Bf8 29.Nxd4 g6
30.Rb8 Nxb8 31.c7 Nbd7 32.c8=Q Kg7 33.g4 h6 34.h4 Nc5 35.g5 hxg5 36.hxg5 Nfe4
37.Qb8 Bd6 38.Qxb4 Nxf2 39.Qb6 Nce4 40.Nf3 Bc5 41.Qb2+ Kg8 42.Qb8+ Kh7 43.Qc7 Kg7
44.Qe5+ Kg8 45.Qxd5 Bxe3 46.Kg2 Kf8 47.Ne5 Nxg5 48.Nc4 Ng4 49.Kg3 f5 50.Nxe3 Ne4+
51.Kf4 Ngf6 52.Qb7 Nd6 53.Qb4 Ne8 54.Nc4  1-0

[Event "Komotini GP"]
[Site "Komotini"]
[Date "1993.??.??"]
[Round "5"]
[White "Petursson, Margeir"]
[Black "Botsari Miladinovic, Anna Maria"]
[Result "1-0"]
[WhiteElo "2560"]
[BlackElo "2245"]

1.d4 Nf6 2.c4 c6 3.Nf3 d5 4.Nc3 a6 5.c5 g6 6.Bf4 Bg7 7.h3 O-O 8.e3 Nfd7 9.Be2 Re8
10.O-O e5 11.dxe5 Nxc5 12.Rc1 Nbd7 13.Bg3 Ne4 14.Nxe4 dxe4 15.Nd2 Bxe5 16.Nxe4 Bxg3
17.Nxg3 Nf6 18.Qc2 Be6 19.b3 Bd5 20.Rcd1 Qe7 21.Rd4 c5 22.Rf4 Rac8 23.Rd1 Be6
24.Qb2 Nd5 25.Ne4 Bf5 26.Bf3 Nxf4 27.Nf6+ Kf8 28.Nxh7+ Kg8 29.Nf6+ Kf8 30.Nh7+ Kg8
31.Nf6+ Kf8 32.Nxe8 Nxh3+ 33.gxh3 Qg5+ 34.Kh2 Kxe8 35.Qh8+ Ke7 36.Qe5+ Kf8
37.Qh8+ Ke7 38.Qe5+ Kf8 39.e4 Re8 40.Qxc5+  1-0

[Event "Las Palmas-B"]
[Site "Las Palmas"]
[Date "1993.??.??"]
[Round "1"]
[White "Villavicencio, Adalberto"]
[Black "Birmingham, Eric"]
[Result "1-0"]
[WhiteElo "2360"]
[BlackElo "2300"]

1.d4 d5 2.Nf3 Nf6 3.c4 c6 4.Nc3 a6 5.e3 b5 6.b3 Bf5 7.Be2 e6 8.O-O Nbd7 9.Nh4 Ne4
10.Nxe4 Bxe4 11.g3 Be7 12.f3 Bg6 13.Nxg6 hxg6 14.Bb2 f5 15.cxd5 cxd5 16.e4 Nf6
17.e5 Nd7 18.Bd3 Qb6 19.Qe2 Kf7 20.Rf2 Nb8 21.Rd1 Nc6 22.Bb1 a5 23.a3 b4
24.a4 Bd8 25.f4 Qb7 26.Rg2 Bb6 27.Kh1 Qa6 28.Qe3 Rh3 29.Bd3 Qa7 30.Bf1 Rc8
31.Rgd2 Rhh8 32.Qf3 Qe7 33.Qe3 Rh5 34.Be2 Rh6 35.Bf1 Rch8 36.Rc1 Na7 37.Rdc2 Rh5
38.Qd3 g5 39.fxg5 Rxg5 40.Be2 g6 41.Rg1  1-0

[Event "Las Palmas3"]
[Site "Las Palmas"]
[Date "1993.??.??"]
[Round "2"]
[White "Dao Thien Hai"]
[Black "Magem Badals, Jorge"]
[Result "1/2-1/2"]
[WhiteElo "2565"]
[BlackElo "2505"]

1.d4 d5 2.c4 c6 3.Nc3 Nf6 4.Nf3 a6 5.a4 e6 6.e3 Nbd7 7.Qc2 Bd6 8.Be2 O-O
9.b3 b6 10.O-O c5 11.cxd5 exd5 12.Ba3 Bb7 13.Qb2 Rc8 14.b4 cxd4 15.Nxd4 g6
16.b5 Bxa3 17.Qxa3 a5 18.Rfd1 Qc7 19.Rac1 Nc5 20.Bf3 Rfd8 21.g3 Qe5 22.Nce2 Nfe4
23.Nf4 Rc7 24.Rc2 h5 25.h4 Nf6 26.Rdc1 Rdc8 27.Nd3 Nxd3 28.Qxd3 Rc5 29.Nc6 Bxc6
30.Rxc5 bxc5 31.bxc6 Rxc6 32.Qb5 Qc7 33.Rb1 c4 34.Qb8+ Qxb8 35.Rxb8+ Kg7
36.Bd1 Nd7 37.Rd8 Nb6 38.Kf1 Kf6 39.Bc2 Ke7 40.Rb8 Kd6 41.Rb7 f5 42.Ra7 c3
43.Ke2 Nc4 44.Kd3 Ne5+ 45.Ke2 Nc4 46.Kd3 Ne5+ 47.Ke2 Rb6 48.Rxa5 Rb2 49.Kd1 Ng4
50.Ra6+ Kc5 51.Ra8 Nxf2+ 52.Kc1 Ng4 53.Rc8+ Kb4 54.Rb8+ Ka3 55.Rc8 Kb4 56.Rb8+ Ka5
57.Ra8+ Kb4 58.Rb8+ Ka3 59.Rc8 Kb4 60.Rb8+ Kc5 61.Rc8+ Kb4 62.Rb8+  1/2-1/2

[Event "Matra op"]
[Site "Matra"]
[Date "1993.??.??"]
[Round "?"]
[White "Kecskes, Gabor"]
[Black "Dovzik, Juri"]
[Result "1-0"]
[WhiteElo "2220"]
[BlackElo "2370"]

1.d4 d5 2.c4 c6 3.Nf3 Nf6 4.Nc3 a6 5.e3 b5 6.b3 Bg4 7.Qc2 e6 8.Ne5 Bf5 9.Bd3 Bxd3
10.Qxd3 Bd6 11.f4 b4 12.Na4 Ne4 13.O-O f6 14.Nf3 Nd7 15.a3 bxa3 16.Bxa3 O-O
17.Bxd6 Nxd6 18.Nc3 Qc8 19.e4 Qb7 20.e5 Nf5 21.exf6 Rxf6 22.Ne5 Nxe5 23.fxe5 Rff8
24.Na4 Rfd8 25.Nc5 Qe7 26.Rf4 dxc4 27.Qxc4 Rd5 28.Rxa6 Rad8 29.Nxe6 Qxe6
30.Rxc6 Qf7 31.g4 Ne3 32.Rxf7 Nxc4 33.bxc4 Rxd4 34.Rcc7 Rxg4+ 35.Kf2 Re8
36.Kf3 h5 37.h3 Rg6 38.Kf4 h4 39.c5 Rg1 40.Ke4 Re1+ 41.Kd4 Rd1+ 42.Kc4 Rc1+
43.Kd5 Rd1+ 44.Kc6 Re6+ 45.Kb5 Rg1 46.Rfe7 Rgg6 47.Kc4 Ra6 48.Red7 Ra3 49.Rd6 Rg5
50.e6 Re5 51.e7 Kh7 52.Rd8 Rae3 53.Rd3 Kg6 54.c6 Rxd3 55.Kxd3 Kf6 56.Rb7 Rxe7
57.c7 Rd7+ 58.Ke4  1-0

[Event "Matra op"]
[Site "Matra"]
[Date "1993.??.??"]
[Round "?"]
[White "Bartels, Frank"]
[Black "Dovzik, Juri"]
[Result "1-0"]
[WhiteElo "2305"]
[BlackElo "2370"]

1.d4 d5 2.c4 c6 3.Nf3 Nf6 4.Nc3 a6 5.e3 b5 6.b3 Bg4 7.Be2 e6 8.O-O Nbd7 9.Bb2 Be7
10.Rc1 O-O 11.Ne5 Bxe2 12.Nxe2 Nxe5 13.dxe5 Nd7 14.cxd5 cxd5 15.Nd4 Qb6 16.f4 Rac8
17.Rf2 Qb7 18.Rxc8 Rxc8 19.f5 Nxe5 20.fxe6 fxe6 21.Nxe6 Bf6 22.Nf4 Kh8 23.h3 Rd8
24.Qh5 Nd7 25.Qxd5 Qc8 26.Qh5 Qc6 27.Ng6+ Kg8 28.Ne7+  1-0

[Event "Matra op"]
[Site "Matra"]
[Date "1993.??.??"]
[Round "?"]
[White "Horvath, Istvan"]
[Black "Kopisch, Martin"]
[Result "0-1"]
[WhiteElo "2235"]
[BlackElo "2265"]

1.d4 d5 2.c4 c6 3.Nf3 Nf6 4.Nc3 a6 5.e3 dxc4 6.Bxc4 b5 7.Bb3 Bb7 8.O-O e6
9.Qe2 Nbd7 10.Rd1 Be7 11.e4 Nb6 12.e5 Nfd5 13.Ne4 Rc8 14.Bg5 O-O 15.Bxe7 Qxe7
16.Rac1 Ba8 17.Nc5 a5 18.Bc2 g6 19.Bb1 Rfd8 20.h4 Nd7 21.Qd2 Nxc5 22.Rxc5 a4
23.Qh6 Qf8 24.Qg5 Nb6 25.Rcc1 Qg7 26.Qg3 h6 27.Re1 Nd5 28.Rc5 Nb4 29.Rec1 Bb7
30.Qf4 Rd7 31.a3 Na6 32.R5c3 Rdc7 33.Be4 Ba8 34.Qe3 Qf8 35.Ne1 Kg7 36.h5 b4
37.axb4 Nxb4 38.Ra3 Nd5 39.Bxd5 cxd5 40.Rxc7 Rxc7 41.hxg6 fxg6 42.Rxa4 Bc6
43.Ra3 Bb5 44.Rc3 Ra7 45.Qc1 Qf7 46.Nc2 g5 47.Na3 Be8 48.Rc8 Rb7 49.Rc3 Qe7
50.f4 g4 51.g3 Bg6 52.Rc5 Bd3 53.Qc3 Ba6 54.b4 Be2 55.b5 Qd8 56.Rc8 Qb6 57.Rc6 Qa7
58.Rxe6 Qa4 59.Nc2 Qxb5 60.f5 Qb1+ 61.Kh2 Bf3 62.Ne1 Qxf5 63.Rf6 Qh5+ 64.Kg1 Qh1+
65.Kf2 Qh2+ 66.Ke3 Qe2+  0-1

[Event "Moscow blitz"]
[Site "Moscow"]
[Date "1993.??.??"]
[Round "?"]
[White "Sherbakov, Ruslan"]
[Black "Shirov, Alexei"]
[Result "1-0"]
[WhiteElo "2570"]
[BlackElo "2670"]

1.d4 d5 2.c4 c6 3.Nc3 Nf6 4.Nf3 a6 5.c5 g6 6.h3 Bg7 7.Bf4 O-O 8.e3 Nbd7 9.Be2 Ne8
10.Bh2 Nc7 11.O-O Re8 12.e4 dxe4 13.Nxe4 Nf6 14.Nc3 Nfd5 15.Be5 Bh6 16.Bc4 Be6
17.Qb3 Nb5 18.Rfe1 Qd7 19.Ne4 Rad8 20.a4 Na7 21.Neg5 Bf5 22.Bg3 f6 23.Ne4 Kh8
24.Rad1 Be6 25.Ned2 Bf7 26.Nf1 Nc8 27.N1h2 b5 28.cxb6 Ncxb6 29.Bf1 a5 30.Qc2 Nb4
31.Qc5 Bb3 32.Rd2 Nxa4 33.Qxa5 Nd5 34.Qa6 Nb4 35.Qe2 Nb6 36.Ng4 Bxd2 37.Qxd2 N4d5
38.Qh6 e6 39.Qd2 Bc4  1-0

[Event "Munich op9293"]
[Site "Munich"]
[Date "1993.??.??"]
[Round "6"]
[White "Riedel, Wolfgang"]
[Black "Levitt, Jonathan"]
[Result "1/2-1/2"]
[WhiteElo "2330"]
[BlackElo "2455"]

1.d4 d5 2.c4 c6 3.Nf3 Nf6 4.Nc3 a6 5.cxd5 cxd5 6.Bf4 Nc6 7.e3 Bg4 8.Be2 e6
9.O-O Bd6 10.Bxd6 Qxd6 11.Na4 O-O 12.h3 Bxf3 13.Bxf3 e5 14.dxe5 Nxe5 15.Nc3 Rfd8
16.Qe2 Qb4 17.Rab1 Ne4 18.Rfd1 Nxf3+ 19.Qxf3 Nxc3 20.bxc3 Qe4 21.Qxe4 dxe4
22.Rxd8+ Rxd8 23.Rxb7 g6 24.g4 Rd2 25.a4 Ra2 26.Rb4 f5 27.gxf5 gxf5 28.Kg2 f4
29.exf4 e3 30.Kf3 exf2 31.Kg2 a5 32.Rd4 Kf7 33.f5 Kf6 34.Rf4 Rc2 35.c4 h6
36.Rd4 Kxf5 37.Rd5+ Kg6 38.Rxa5 Rxc4 39.Kxf2 Rc2+ 40.Ke1 Rh2 41.Ra6+ Kg5
42.Ra8 Rxh3 43.a5 Ra3 44.a6 Kg6  1/2-1/2

[Event "Nikolaev zt"]
[Site "Nikolaev"]
[Date "1993.??.??"]
[Round "?"]
[White "Neverov, Valeriy"]
[Black "Komliakov, Viktor"]
[Result "1/2-1/2"]
[WhiteElo "2550"]
[BlackElo "2435"]

1.d4 d5 2.c4 c6 3.Nf3 Nf6 4.Nc3 a6 5.e3 b5 6.b3 Bg4 7.Be2 Nbd7 8.O-O e6 9.h3 Bh5
10.Ne5 Bxe2 11.Nxe2 dxc4 12.Nxd7 Qxd7 13.bxc4 c5 14.Bb2 cxd4 15.Bxd4 bxc4
16.Qc2 Be7 17.Qxc4 O-O 18.Rab1 Rfe8 19.Qb3 Ne4 20.Rfd1 Qb5  1/2-1/2

[Event "Nikolaev zt"]
[Site "Nikolaev"]
[Date "1993.??.??"]
[Round "?"]
[White "Moskalenko, Viktor"]
[Black "Rogozenko, Dorin"]
[Result "1/2-1/2"]
[WhiteElo "2555"]
[BlackElo "2480"]

1.d4 d5 2.c4 c6 3.Nf3 Nf6 4.Nc3 a6 5.c5 Nbd7 6.Bf4 Nh5 7.e3 Nxf4 8.exf4 Qc7
9.Qd2 g6 10.Bd3 Bg7 11.O-O e6 12.h4 O-O 13.h5 Bh6 14.g3 e5 15.Nxe5 Nxe5 16.dxe5 Qxe5
17.hxg6 hxg6 18.fxe5 Bxd2 19.Rad1 Bg5 20.Kg2 Kg7 21.Rh1 Be7 22.Na4 Be6 23.b3 Rh8
24.f4 Bg4 25.Rde1 Rxh1 26.Rxh1 f6 27.Rh4 Be6 28.exf6+ Bxf6 29.Rh1 Re8 30.Kf3 Bd4
31.Rh2 Bf5 32.Bxf5 gxf5 33.Rd2 Re3+ 34.Kg2 Re4 35.Kf3 a5 36.Rd3 Kg6 37.g4 fxg4+
38.Kxg4 Be3 39.Nc3 Re7 40.Na4 Kf6 41.Kf3 d4 42.Nb6 Kf5 43.Nc4 Bxf4  1/2-1/2

[Event "NOR-ch"]
[Site "?"]
[Date "1993.??.??"]
[Round "1"]
[White "Ostenstad, Berge"]
[Black "Groenn, Atle"]
[Result "1/2-1/2"]
[WhiteElo "2465"]
[BlackElo "2325"]

1.d4 d5 2.c4 c6 3.Nf3 Nf6 4.Nc3 a6 5.a4 e6 6.g3 Bb4 7.Bg2 O-O 8.O-O a5 9.Bg5 b6
10.e4 Bxc3 11.bxc3 dxe4 12.Nd2 h6 13.Bxf6 Qxf6 14.Nxe4 Qe7 15.Re1 Ba6 16.c5 bxc5
17.Nxc5 Bc4 18.Rb1 Ra7 19.Rb6 Qc7 20.Qb1 Rc8 21.Bf3 Kh8 22.Rd1 Ba2 23.Qb2 Bd5
24.Be2 Nd7 25.Nxd7 Qxd7 26.Rb8 Be4 27.Bd3 Bxd3 28.Rxd3 Rxb8 29.Qxb8+ Kh7
30.Rd1 Rb7 31.Qa8 Ra7 32.Qb8 Rb7 33.Qa8 Ra7 34.Qb8  1/2-1/2

[Event "Odorheiu Secuiesc"]
[Site "Odorheiu Secuiesc"]
[Date "1993.??.??"]
[Round "3"]
[White "Chernin, Alexander"]
[Black "Rogozenko, Dorin"]
[Result "1/2-1/2"]
[WhiteElo "2600"]
[BlackElo "2480"]

1.d4 d5 2.c4 c6 3.Nc3 Nf6 4.Nf3 a6 5.e3 b5 6.cxd5 cxd5 7.Bd2 e6 8.Bd3 Bd6
9.O-O Nbd7 10.Ne2 Ne4 11.a4 b4 12.a5 O-O 13.Ng3 Nxd2 14.Nxd2 f5 15.Qe2 Qh4
16.f4 Nf6 17.Nf3 Qh6 18.Nh1 g6 19.Nf2 Qg7 20.Kh1  1/2-1/2

[Event "Peristeri"]
[Site "Peristeri"]
[Date "1993.??.??"]
[Round "11"]
[White "Nikolaidis, Ioannis"]
[Black "Popchev, Milko"]
[Result "1-0"]
[WhiteElo "2440"]
[BlackElo "2475"]

1.d4 Nf6 2.c4 c6 3.Nc3 d5 4.Nf3 a6 5.g3 Bf5 6.Bg2 e6 7.Ne5 Be7 8.O-O O-O
9.Qb3 b5 10.cxd5 cxd5 11.Bf4 Qb6 12.Rfd1 Nc6 13.Na4 Qb7 14.Nc5 Bxc5 15.dxc5 Rfc8
16.Rac1 Be4 17.f3 Bg6 18.e4 Nxe5 19.Bxe5 dxe4 20.Bxf6 gxf6 21.Qe3 f5 22.Rd6 a5
23.h4 Qe7 24.fxe4 fxe4 25.Bxe4 Ra7 26.Bf3 e5 27.h5 Bf5 28.g4 Be6 29.g5 Bxa2
30.Rh6 Rd7 31.Be4 Rd4 32.Bxh7+ Kg7 33.Bf5 Rxc5 34.Rf1 Bd5 35.g6 Qh4 36.Rh7+ Kf8
37.Rh8+ Ke7 38.Qxe5+ Be6 39.Qxc5+  1-0

[Event "Pinsk"]
[Site "Pinsk"]
[Date "1993.??.??"]
[Round "?"]
[White "Kiselev, Sergey"]
[Black "Berezjuk, Sergej"]
[Result "1-0"]
[WhiteElo "2470"]
[BlackElo "2435"]

1.d4 d5 2.c4 c6 3.Nc3 Nf6 4.Nf3 a6 5.cxd5 cxd5 6.Bf4 Nc6 7.Rc1 Ne4 8.g3 Nxc3
9.bxc3 Bf5 10.Nh4 Be6 11.Bg2 Na5 12.Nf3 h6 13.Ne5 Rc8 14.h4 b5 15.a4 g6 16.Nd3 Bg7
17.Nb4 Ra8 18.axb5 axb5 19.Qd3 Qd7 20.Qf3 Rd8 21.Ra1 Nc6 22.Na6 O-O 23.Nc5 Qc8
24.Qe3 Kh7 25.Nxe6 Qxe6 26.Qxe6 fxe6 27.Ra6 e5 28.dxe5 Nxe5 29.O-O Nc4 30.Re6 Rd7
31.Rb1 Rf6 32.Bh3 Rxe6 33.Bxe6 Rd8 34.Rxb5 Bxc3 35.Bc7 Rf8 36.Rxd5 Be1 37.f3 Ne3
38.Rd7 Bb4 39.Bb6 Nf5 40.Kf2 Rf6 41.Bxf5 Rxb6 42.Bd3 Kg7 43.f4 Kf6 44.Kf3 Bd6
45.Ra7 Kg7 46.Ra5 Kf6 47.h5 gxh5 48.Rxh5 Kg7 49.Kg4 Rc6 50.Be4 Rc5 51.Bd5 Kg6
52.Be4+ Kg7 53.Bf5 e5 54.Rh1 Rc4 55.e4 Rd4 56.Rh2 Rd3 57.Be6 Rd1 58.Rh5 exf4
59.gxf4 Rg1+ 60.Kf5 Rf1 61.e5 Bb4 62.Bc4 Rf2 63.Rh1 Bc5 64.Rg1+ Kh7 65.Rg3 Bf8
66.Bd3 h5 67.Kf6+ Kh8 68.f5 Rb2 69.Kf7  1-0